Baby Names by State (1970) Quiz Stats

 Plays Quiz not verified by Sporcle

Challenge
Share
Tweet
Embed
Score 0/102 Timer 04:00
0 Plays Today
State Name % Correct
AKMichael
83.5%
AZMichael
83.5%
CAMichael
83.5%
COMichael
83.5%
CTMichael
83.5%
DEMichael
83.5%
DCMichael
83.5%
FLMichael
83.5%
GAMichael
83.5%
HIMichael
83.5%
IDMichael
83.5%
ILMichael
83.5%
INMichael
83.5%
IAMichael
83.5%
KSMichael
83.5%
LAMichael
83.5%
MEMichael
83.5%
MDMichael
83.5%
MAMichael
83.5%
MIMichael
83.5%
MNMichael
83.5%
MOMichael
83.5%
MTMichael
83.5%
NEMichael
83.5%
NVMichael
83.5%
NHMichael
83.5%
NJMichael
83.5%
NMMichael
83.5%
NYMichael
83.5%
NCMichael
83.5%
NDMichael
83.5%
OHMichael
83.5%
OKMichael
83.5%
ORMichael
83.5%
State Name % Correct
PAMichael
83.5%
RIMichael
83.5%
SDMichael
83.5%
TXMichael
83.5%
VTMichael
83.5%
VAMichael
83.5%
WAMichael
83.5%
WVMichael
83.5%
WIMichael
83.5%
WYMichael
83.5%
AKJennifer
70.6%
AZJennifer
70.6%
CAJennifer
70.5%
COJennifer
70.5%
CTJennifer
70.5%
DEJennifer
70.5%
DCJennifer
70.5%
FLJennifer
70.5%
IDJennifer
70.5%
ILJennifer
70.5%
INJennifer
70.5%
IAJennifer
70.5%
KSJennifer
70.5%
MEJennifer
70.5%
MAJennifer
70.5%
MIJennifer
70.5%
MNJennifer
70.5%
NEJennifer
70.5%
NVJennifer
70.5%
NHJennifer
70.5%
NJJennifer
70.5%
NYJennifer
70.5%
OHJennifer
70.5%
ORJennifer
70.5%
State Name % Correct
PAJennifer
70.5%
RIJennifer
70.5%
TXJennifer
70.5%
UTJennifer
70.5%
VTJennifer
70.5%
WAJennifer
70.5%
WIJennifer
70.5%
ALJames
68.5%
ARJames
68.5%
KYJames
68.5%
MSJames
68.5%
SCJames
68.5%
TNJames
68.5%
UTDavid
49.9%
SDLisa
41.8%
HIMichelle
39.1%
MTMichelle
39.1%
NMMichelle
39.1%
NDMichelle
39.1%
KYMelissa
31%
WVMelissa
31%
ALKimberly
30%
ARKimberly
30%
GAKimberly
30%
MDKimberly
30%
MOKimberly
30%
OKKimberly
30%
VAKimberly
30%
WYKimberly
30%
LAAngela
21.2%
MSAngela
21.2%
NCAngela
21.2%
SCAngela
21.2%
TNAngela
21.2%

You're not logged in!

Compare scores with friends on all Sporcle quizzes.
OR
Log In

You Might Also Like...

Show Comments

Extras

Editor's Pick Mar 18, 2014ReportNominate
Tags:Popular Quiz, State Quiz, 1970s, baby, female, male

Top Quizzes Today


Score Distribution

Your Account Isn't Verified!

In order to create a playlist on Sporcle, you need to verify the email address you used during registration. Go to your Sporcle Settings to finish the process.

Report this User

Report this user for behavior that violates our Community Guidelines.

Details: